000 00637nas a2200229 4500
001 BR9511786
003 BR-BrBNA
005 20231205094611.0
007 ta
008 230509b bl.|||p| |||| 00| 00por d
040 _aBR-BrBNA
_bpor
_cBiblioteca Nacional de Agricultura
041 _a(Pt)
072 _aL74
100 1 _aAnon.
245 1 _aIndigestao: tratamento conforme a causa
650 _aBovino
650 _aIndigestao
650 _aVeterinaria
773 0 _tAgricultura e Pecuaria (Brazil)
_xISSN 0100-249x
_g(Sep 1975), n. 603 p. 28-29
_wBR9511786
909 _a202311
_bLúcia
_c55
_dLúcia Elande
942 _2AGRIS
_n0
_cANA
999 _c145573
_d145573